[Event "POL Youth-ch U20 Girls 2020"]
[Site "Pokrzywna"]
[Date "2020.11.30"]
[Round "1.10"]
[White "Parol, Pola"]
[Black "Wolagiewicz, Kinga"]
[Result "1-0"]
[WhiteElo "2069"]
[BlackElo "1791"]
[Annotator "TA"]
[PlyCount "175"]
[EventDate "2020.11.29"]
[EventType "swiss"]
[EventCountry "POL"]
[SourceTitle "playchess.com"]
[Source "ChessBase"]
[SourceQuality "1"]

{[%evp 18,175,33,30,31,14,31,14,34,23,44,34,57,54,81,58,68,70,66,10,22,21,108,108,204,110,110,105,110,104,96,110,118,115,134,112,115,93,127,99,112,109,122,121,115,0,130,116,141,108,117,0,142,147,142,157,153,142,172,162,241,161,153,155,167,160,196,184,205,152,195,189,186,133,191,183,180,137,172,147,216,222,217,185,278,260,305,318,805,339,328,320,326,338,458,397,362,346,323,257,259,251,260,170,179,176,216,209,212,202,200,202,183,145,171,163,194,191,194,198,266,268,254,222,389,379,367,383,480,465,465,391,329,58,48,85,339,175,472,464,494,502,462,433,631,598,714,738,927,825,1069,984,859,669,2441,3110,2760,3096,6540,3781]} 1. e4 c6 2. d4 d5 3. Nc3 dxe4 4. Nxe4 Nf6 5. Nxf6+ exf6 6. c3 Bd6 7. Bd3 O-O 8. Qc2 Re8+ 9. Ne2 h6 10. O-O Qc7 {B15: Caro-Kann: 3 Nc3: 3...g6 and 3...dxe4 4 Nxe4 Nf6 5 Nxf6+ exf6.} 11. Ng3 Nd7 {11...Be6 is vanishing.} 12. c4 {[#]} Nf8 $146 {The position is equal.} ({Predecessor:} 12... c5 13. d5 Ne5 14. Bh7+ Kh8 15. Bf5 Bd7 16. f4 Bxf5 17. Nxf5 Ng6 18. g3 Ne7 {1-0 (50) Huston,G (2119)-Pozo Vera,S (2414) New York 2019}) 13. f4 Ne6 14. Qf2 $1 b6 {White should prevent ...Nxd4!} 15. Be3 Bb7 16. Kh1 Rad8 17. Rad1 Rd7 18. Ne4 (18. Bc2 $14) 18... Be7 $11 19. Bb1 Nf8 (19... f5 $11 {remains equal.} 20. Nc3 Ba6) 20. f5 $16 Bd6 {[#]} (20... Kh8 $16) 21. Qh4 (21. Nxf6+ $1 $18 gxf6 22. Bxh6) 21... Nh7 22. Qg4 Kh8 23. Nxd6 Qxd6 24. Bf4 Qb4 25. b3 Rde7 26. Bd2 Qd6 27. Bd3 Rd7 28. Bf4 Qa3 29. Bb1 Qb4 30. Bd2 Qd6 31. Bf4 Qb4 $1 32. h3 Rde7 33. Bd2 Qd6 34. Bf4 (34. h4 {is more complex.} Qd8 35. Kh2 Rd7 36. Bc3 Rde7 37. Rf3) 34... Qb4 $1 35. Qg3 {[#] Strongly threatening Bd6.} Rd7 36. Kh2 Red8 37. Qf2 Qc3 {[%cal Rd7d4]} 38. Rd3 Qa5 (38... Qb4 {keeps fighting.} 39. Re1 Ba6) 39. Bd2 Qa3 40. Re1 Qf8 41. Bf4 Ba8 42. Qe3 Bb7 43. Rd2 Ng5 44. h4 Nh7 45. Bc2 ({White should play} 45. Rd3 $18) 45... Kg8 (45... Qb4 $16 46. Be4 Re7) 46. Bd1 Qb4 47. Bg3 Rf8 48. Bf3 a5 (48... Rfd8 $16 49. Bf2 Nf8) 49. d5 $18 cxd5 50. cxd5 Rfd8 (50... b5 {was called for.} 51. Rc1 Rfd8) 51. Rd4 Qc5 52. Rc1 Qe7 $2 (52... Qf8 53. Rc7 Re8) 53. Qd3 (53. Qxe7 $142 Rxe7 54. d6) 53... Qa3 54. Rc2 {Black must now prevent d6.} Qf8 55. Qb5 Kh8 56. Kh1 Qe8 57. Re2 Qf8 58. Red2 Qc5 59. Qxc5 bxc5 60. R4d3 g6 61. Bf2 {Cut Off at move 61} gxf5 62. Bxc5 Kg7 63. Bb6 Ra8 64. Rc3 Nf8 65. Rd1 Ng6 66. Rc7 Rxc7 67. Bxc7 Ne5 68. Be2 Rc8 (68... Bc8 $142 69. Kh2 Ng4+ 70. Kg3 Bd7) 69. d6 ({Don't take} 69. Bxa5 $6 Rc5 $16) 69... Bc6 70. Bxa5 Kf8 $2 (70... Ra8) 71. Bc7 Ke8 72. b4 {[%cal Bb3b4,Bb4b5][%mdl 32]} Kd7 73. b5 Bb7 74. a4 {[%cal Ba2a4,Ba4a5,Ba5a6][%mdl 32]} Rg8 75. Rg1 $2 (75. Bf1 $18) 75... Rg3 $1 $14 {[%cal Rg3h3]} 76. Kh2 Re3 $2 {[%mdl 8192] Black cannot hold the game after this.} (76... f4 $16) 77. Bd1 (77. Re1 $142) 77... Re4 $2 (77... Ng4+ {is a better defense.} 78. Bxg4 fxg4) 78. a5 $18 {White is clearly winning.} Rxh4+ 79. Kg3 Rb4 80. a6 f4+ (80... Bc8 $142 81. Bc2 f4+ 82. Kh4 Ke8) 81. Kh2 Bd5 82. b6 f3 83. gxf3 Nxf3+ 84. Bxf3 Bxf3 85. Re1 {And now Re7+ would win.} Rb2+ 86. Kg3 Rb3 87. Kf2 h5 88. Re7+ {[%mdl 64] Double Attack.  Weighted Error Value: White=0.28/Black=0.20} 1-0

[Event "POL Youth-ch U20 Girls 2020"]
[Site "Pokrzywna"]
[Date "2020.11.30"]
[Round "1.11"]
[White "Pawicka, Magdalena"]
[Black "Marcinczyk, Monika"]
[Result "0-1"]
[WhiteElo "1762"]
[BlackElo "2030"]
[Annotator "TA"]
[PlyCount "38"]
[EventDate "2020.11.29"]
[EventType "swiss"]
[EventCountry "POL"]
[SourceTitle "playchess.com"]
[Source "ChessBase"]
[SourceQuality "1"]

{[%evp 11,37,53,35,-9,-4,-6,3,-68,-103,-500,-503,-501,-502,-487,-494,-769,-722,-748,-742,-605,-532,-2841,-2803,-2072,-1412,-29998,-29999,-29999]} 1. e4 e5 2. Nf3 Nc6 3. Nc3 Nf6 4. d4 exd4 5. Nxd4 Nxe4 6. Nxe4 Qe7 $1 {[%cal Re7e4]} 7. Nb5 {C47: Scotch Four Knights and Four Knights with 4 g3.} Qxe4+ 8. Be2 $1 Bb4+ ({Not} 8... Qxg2 $2 9. Bf3 $18) 9. Bd2 ({Better is} 9. c3 $11 Ba5 10. O-O) 9... Qxg2 $15 10. Bf3 $2 {[%mdl 8192]} (10. Rf1 $17 Qxh2 11. Bxb4 Nxb4 12. Qd2) 10... Bxd2+ $19 11. Ke2 Qg5 12. Nxc7+ Kd8 {aiming for ...Nd4+.} 13. Nxa8 (13. Rg1 $142 Qe5+ 14. Kxd2 Kxc7 15. Kc1) 13... Re8+ 14. Kf1 b6 {White must now prevent ...Ba6+.} 15. c4 {[#]} Nd4 $146 ({Predecessor:} 15... Re1+ 16. Qxe1 Bxe1 17. Rxe1 Bb7 18. Rg1 Qf6 19. Rg3 Bxa8 20. Bd5 Qxb2 21. Bxf7 Ne5 {0-1 (29) Viebahn,D (2079)-Kleinschroth,R (2175) Dortmund 2004}) 16. Bd5 {[#] White hopes to continue with Rg1.} Ba6 $1 {[%mdl 512]} 17. Bxf7 {[#]} Qf5 $1 {[%mdl 512] ( -> ...Qh3+)} 18. Qxd2 Qh3+ 19. Kg1 Nf3# {White got outplayed after the opening.  Weighted Error Value: White=1.85/Black=0.62} 0-1

[Event "POL Youth-ch U20 Girls 2020"]
[Site "Pokrzywna"]
[Date "2020.11.30"]
[Round "1.12"]
[White "Smietanska, Wiktoria"]
[Black "Barwinska, Ewa"]
[Result "1-0"]
[WhiteElo "2013"]
[BlackElo "1731"]
[Annotator "TA"]
[PlyCount "47"]
[EventDate "2020.11.29"]
[EventType "swiss"]
[EventCountry "POL"]
[SourceTitle "playchess.com"]
[Source "ChessBase"]
[SourceQuality "1"]

{[%evp 13,47,29,75,78,81,70,96,81,91,89,106,102,124,112,120,114,113,124,125,118,123,116,133,127,177,193,188,176,557,562,565,564,722,717,930,918]} 1. c4 c5 2. Nf3 Nc6 3. Nc3 g6 4. e3 Bg7 5. d4 cxd4 6. exd4 d6 7. Be2 Nf6 8. d5 {A35: Symmetrical English: 2 Nc3 Nc6 3 Nf3.} Nb8 9. O-O Nbd7 10. Be3 {White is better.} O-O 11. Nd4 {[#]} Qc7 $146 ({Predecessor:} 11... Nc5 12. f3 e5 13. dxe6 fxe6 14. Ndb5 {1-0 (14) Eingorn,V (2605)-Schmittdiel,E (2460) Bad Woerishofen 1998}) 12. Rc1 Ne5 13. b3 Nfg4 14. Bf4 Nh6 15. Qd2 Nf5 {White must now prevent ...Nxd4.} 16. Nxf5 Bxf5 17. Nb5 Qd7 18. Nd4 Rac8 19. Bh6 Bxh6 20. Qxh6 Bd3 $2 (20... Ng4 {is tougher.} 21. Qh4 Nf6) 21. Bxd3 $18 {White is clearly winning.} Nxd3 {[#]} 22. Rc3 $1 Nxf2 23. Rxf2 Qg4 {[#]} 24. Nf5 $1 {[%mdl 512] White took control after the opening.  Weighted Error Value: White=0.02/Black=0.42} 1-0

[Event "POL Youth-ch U20 Girls 2020"]
[Site "Pokrzywna"]
[Date "2020.11.30"]
[Round "2.1"]
[White "Antolak, Julia"]
[Black "Parol, Pola"]
[Result "1-0"]
[WhiteElo "2313"]
[BlackElo "2069"]
[Annotator "ChessBase"]
[PlyCount "55"]
[EventDate "2020.11.29"]
[EventType "swiss"]
[EventCountry "POL"]
[SourceTitle "playchess.com"]
[Source "ChessBase"]
[SourceQuality "1"]
[TimeControl "40/5400+30:1800+30"]

1. e4 {[%emt 0:00:00]} c5 2. Nf3 {[%emt 0:00:00]} d6 {[%emt 0:00:00]} 3. d4 {[%emt 0:00:00]} cxd4 {[%emt 0:00:00]} 4. Nxd4 {[%emt 0:00:00]} Nf6 {[%emt 0:00:00]} 5. Nc3 {[%emt 0:00:00]} a6 {[%emt 0:00:01]} 6. f4 {[%emt 0:00:02]} g6 {[%emt 0:05:29]} 7. Nf3 {[%emt 0:00:27]} Bg7 {[%emt 0:06:06]} 8. e5 {[%emt 0:01:08]} dxe5 {[%emt 0:03:09]} 9. Qxd8+ {[%emt 0:02:00]} Kxd8 {[%emt 0:00:06]} 10. fxe5 {[%emt 0:07:27]} Ng4 {[%emt 0:10:47]} 11. Bf4 {[%emt 0:01:59]} e6 {[%emt 0:05:51]} 12. h3 {[%emt 0:13:03]} Nh6 {[%emt 0:00:12]} 13. O-O-O+ {[%emt 0:03:31]} Nd7 {[%emt 0:04:01]} 14. Ne4 {[%emt 0:04:07]} b6 {[%emt 0:08:04]} 15. Nd6 {[%emt 0:04:45]} Kc7 {[%emt 0:11:41]} 16. g4 {[%emt 0:02:46]} Rf8 {[%emt 0:02:19]} 17. Bg2 {[%emt 0:01:40]} Rb8 {[%emt 0:02:36]} 18. Rhe1 {[%emt 0:06:55]} Ng8 {[%emt 0:09:03]} 19. Ng5 {[%emt 0:05:08]} Bh6 {[%emt 0:03:34]} 20. Re4 {[%emt 0:03:50]} Bxg5 {[%emt 0:06:07]} 21. Rc4+ {[%emt 0:01:38]} Kd8 {[%emt 0:02:48]} 22. Bxg5+ {[%emt 0:00:06]} f6 {[%emt 0:00:38]} 23. exf6 {[%emt 0:01:07]} Ngxf6 {[%emt 0:01:42]} 24. Rf4 {[%emt 0:09:32]} Ke7 {[%emt 0:03:10]} 25. Ne4 {[%emt 0:03:00]} Bb7 {[%emt 0:02:31]} 26. Nxf6 {[%emt 0:01:03]} Nxf6 {[%emt 0:03:13]} 27. Bxb7 {[%emt 0:00:08]} Rxb7 {[%emt 0:00:17]} 28. Rdf1 {[%emt 0:00:07]} 1-0

[Event "POL Youth-ch U20 Girls 2020"]
[Site "Pokrzywna"]
[Date "2020.11.30"]
[Round "2.2"]
[White "Marcinczyk, Monika"]
[Black "Malicka, Maria"]
[Result "0-1"]
[WhiteElo "2030"]
[BlackElo "2291"]
[Annotator "ChessBase"]
[PlyCount "76"]
[EventDate "2020.11.29"]
[EventType "swiss"]
[EventCountry "POL"]
[SourceTitle "playchess.com"]
[Source "ChessBase"]
[SourceQuality "1"]
[TimeControl "40/5400+30:1800+30"]

1. e4 {[%emt 0:00:00]} c5 {[%emt 0:00:00]} 2. Nf3 {[%emt 0:00:00]} d6 {[%emt 0:00:00]} 3. d4 {[%emt 0:00:00]} cxd4 {[%emt 0:00:00]} 4. Nxd4 {[%emt 0:00:00]} Nf6 {[%emt 0:00:00]} 5. Nc3 {[%emt 0:00:00]} a6 {[%emt 0:00:00]} 6. Be2 {[%emt 0:00:01]} e5 {[%emt 0:00:01]} 7. Nb3 {[%emt 0:00:08]} Be7 {[%emt 0:00:07]} 8. Be3 {[%emt 0:00:19]} Be6 {[%emt 0:00:34]} 9. O-O {[%emt 0:01:18]} O-O {[%emt 0:00:09]} 10. Qd2 {[%emt 0:00:11]} Nbd7 {[%emt 0:00:15]} 11. a4 {[%emt 0:00:22]} Nb6 {[%emt 0:00:10]} 12. a5 {[%emt 0:00:34]} Nc4 {[%emt 0:00:06]} 13. Bxc4 {[%emt 0:00:15]} Bxc4 {[%emt 0:00:03]} 14. Rfd1 {[%emt 0:00:15]} Rc8 {[%emt 0:00:15]} 15. f3 {[%emt 0:05:11]} Rc6 {[%emt 0:00:18]} 16. Nc1 {[%emt 0:05:43]} d5 {[%emt 0:09:50]} 17. exd5 Rd6 18. Bb6 {[%emt 0:23:57]} Qc8 {[%emt 0:22:37]} 19. Nd3 {[%emt 0:13:16]} Nd7 {[%emt 0:08:37]} 20. Bf2 {[%emt 0:07:04]} Bxd5 21. Qe1 {[%emt 0:08:43]} Bc6 {[%emt 0:06:11]} 22. Bg3 Re6 {[%emt 0:06:40]} 23. b4 {[%emt 0:14:05]} Rd8 {[%emt 0:08:42]} 24. Bf2 Nf6 {[%emt 0:14:04]} 25. Ne4 {[%emt 0:11:07]} Bxe4 {[%emt 0:12:51]} 26. fxe4 {[%emt 0:00:09]} Qc6 {[%emt 0:00:04]} 27. Bb6 {[%emt 0:04:16]} Rc8 {[%emt 0:02:17]} 28. Nf2 {[%emt 0:00:08]} Qc4 {[%emt 0:00:53]} 29. Rab1 {[%emt 0:01:30]} Rec6 {[%emt 0:00:46]} 30. Nd3 {[%emt 0:01:18]} Qxe4 {[%emt 0:05:03]} 31. Nxe5 {[%emt 0:00:57]} Rxc2 {[%emt 0:01:05]} 32. Qxe4 {[%emt 0:00:33]} Nxe4 {[%emt 0:00:01]} 33. Re1 {[%emt 0:01:08]} Nd2 {[%emt 0:02:22]} 34. Rbd1 {[%emt 0:02:01]} Bxb4 {[%emt 0:00:16]} 35. Nd3 {[%emt 0:00:57]} Bf8 {[%emt 0:00:24]} 36. Rc1 {[%emt 0:01:12]} Rxc1 {[%emt 0:00:38]} 37. Rxc1 {[%emt 0:00:03]} Rxc1+ {[%emt 0:00:11]} 38. Nxc1 {[%emt 0:00:04]} Nc4 {[%emt 0:00:32]} 0-1

[Event "POL Youth-ch U20 Girls 2020"]
[Site "Pokrzywna"]
[Date "2020.11.30"]
[Round "2.3"]
[White "Cieslak, Wiktoria"]
[Black "Rudzinska, Michalina"]
[Result "0-1"]
[WhiteElo "2008"]
[BlackElo "2189"]
[Annotator "ChessBase"]
[PlyCount "148"]
[EventDate "2020.11.29"]
[EventType "swiss"]
[EventCountry "POL"]
[SourceTitle "playchess.com"]
[Source "ChessBase"]
[SourceQuality "1"]
[TimeControl "40/5400+30:1800+30"]

1. e4 {[%emt 0:00:00]} c5 {[%emt 0:00:00]} 2. Nf3 {[%emt 0:00:00]} e6 {[%emt 0:00:00]} 3. d4 {[%emt 0:00:00]} cxd4 {[%emt 0:00:00]} 4. Nxd4 {[%emt 0:00:00]} a6 {[%emt 0:00:00]} 5. Bd3 {[%emt 0:00:00]} Nf6 {[%emt 0:00:02]} 6. O-O {[%emt 0:00:28]} Qc7 {[%emt 0:00:09]} 7. Qe2 {[%emt 0:00:38]} d6 {[%emt 0:00:10]} 8. c4 {[%emt 0:00:24]} g6 {[%emt 0:00:17]} 9. Nc3 {[%emt 0:00:33]} Bg7 {[%emt 0:00:11]} 10. Be3 {[%emt 0:00:45]} O-O {[%emt 0:00:26]} 11. Rac1 {[%emt 0:00:56]} Nbd7 {[%emt 0:00:55]} 12. Kh1 {[%emt 0:01:00]} b6 {[%emt 0:00:36]} 13. b4 {[%emt 0:01:35]} Bb7 {[%emt 0:00:55]} 14. Nb3 {[%emt 0:01:32]} Rac8 {[%emt 0:03:48]} 15. f3 {[%emt 0:01:54]} Qb8 {[%emt 0:07:09]} 16. Na4 {[%emt 0:02:24]} Bc6 {[%emt 0:05:53]} 17. b5 {[%emt 0:00:51]} Ba8 {[%emt 0:04:33]} 18. Qf2 {[%emt 0:03:36]} Nc5 {[%emt 0:02:15]} 19. Nbxc5 {[%emt 0:04:09]} dxc5 {[%emt 0:00:35]} 20. bxa6 {[%emt 0:01:56]} Rfd8 {[%emt 0:04:31]} 21. Bc2 {[%emt 0:03:43]} Nd7 {[%emt 0:04:12]} 22. Rb1 {[%emt 0:01:50]} Qa7 {[%emt 0:03:34]} 23. Rfd1 {[%emt 0:01:57]} Qxa6 {[%emt 0:30:56]} 24. Rxd7 {[%emt 0:02:13]} Rxd7 {[%emt 0:00:05]} 25. Nxb6 {[%emt 0:00:04]} Rdc7 {[%emt 0:03:05]} 26. Nxc8 {[%emt 0:00:36]} Rxc8 {[%emt 0:00:04]} 27. Bb3 {[%emt 0:01:14]} Bf8 {[%emt 0:02:00]} 28. Rd1 {[%emt 0:01:36]} Qa3 {[%emt 0:02:04]} 29. h3 {[%emt 0:02:04]} Bc6 {[%emt 0:00:31]} 30. Qh4 {[%emt 0:00:53]} Qa5 {[%emt 0:03:08]} 31. Bd2 {[%emt 0:02:07]} Qc7 {[%emt 0:00:10]} 32. Bf4 {[%emt 0:02:50]} e5 {[%emt 0:03:32]} 33. Bg5 {[%emt 0:03:04]} Ra8 {[%emt 0:02:02]} 34. Bd8 {[%emt 0:02:21]} Qb7 {[%emt 0:03:45]} 35. Qf6 {[%emt 0:05:09]} Ba4 {[%emt 0:02:47]} 36. Bxa4 {[%emt 0:04:58]} Rxa4 {[%emt 0:00:25]} 37. Qxe5 {[%emt 0:00:05]} Rxc4 {[%emt 0:01:31]} 38. Bg5 {[%emt 0:01:23]} Rd4 {[%emt 0:05:29]} 39. Rxd4 {[%emt 0:01:21]} cxd4 {[%emt 0:00:06]} 40. Qxd4 {[%emt 0:00:00]} Qb1+ {[%emt 0:00:00]} 41. Kh2 {[%emt 0:00:37]} Qxa2 {[%emt 0:01:55]} 42. Bd2 {[%emt 0:01:45]} Qe6 {[%emt 0:04:02]} 43. Bf4 {[%emt 0:02:46]} Be7 {[%emt 0:02:11]} 44. Kh1 {[%emt 0:04:23]} h5 {[%emt 0:03:12]} 45. Bd2 {[%emt 0:04:31]} Bf6 {[%emt 0:00:48]} 46. Qe3 {[%emt 0:00:36]} Qc4 {[%emt 0:02:19]} 47. e5 {[%emt 0:01:08]} Be7 {[%emt 0:04:32]} 48. f4 {[%emt 0:05:15]} Bc5 {[%emt 0:03:04]} 49. Qf3 {[%emt 0:00:11]} Qd4 {[%emt 0:02:03]} 50. Be3 {[%emt 0:01:50]} Qxe3 {[%emt 0:00:07]} 51. Qxe3 {[%emt 0:00:05]} Bxe3 {[%emt 0:00:06]} 52. g3 {[%emt 0:00:01]} h4 {[%emt 0:05:04]} 53. Kg2 {[%emt 0:00:25]} hxg3 {[%emt 0:00:19]} 54. Kxg3 {[%emt 0:00:03]} Kf8 {[%emt 0:00:15]} 55. Kg4 {[%emt 0:00:22]} Ke7 {[%emt 0:00:10]} 56. f5 {[%emt 0:00:39]} gxf5+ {[%emt 0:00:08]} 57. Kxf5 {[%emt 0:00:07]} Bc1 {[%emt 0:00:09]} 58. h4 {[%emt 0:00:26]} Bh6 {[%emt 0:00:13]} 59. h5 {[%emt 0:00:29]} Bc1 {[%emt 0:00:06]} 60. Ke4 {[%emt 0:00:52]} Ke6 {[%emt 0:00:06]} 61. Kd4 {[%emt 0:00:36]} Bb2+ {[%emt 0:00:43]} 62. Ke4 {[%emt 0:00:04]} Bxe5 {[%emt 0:00:05]} 63. h6 {[%emt 0:00:12]} f5+ {[%emt 0:00:07]} 64. Kf3 {[%emt 0:00:05]} Kf6 {[%emt 0:00:14]} 65. h7 {[%emt 0:00:19]} Kg6 {[%emt 0:00:05]} 66. h8=Q {[%emt 0:00:17]} Bxh8 {[%emt 0:00:06]} 67. Kf4 {[%emt 0:00:04]} Kf6 {[%emt 0:00:07]} 68. Kf3 {[%emt 0:00:04]} Kg5 {[%emt 0:00:06]} 69. Kg3 {[%emt 0:00:06]} f4+ {[%emt 0:00:05]} 70. Kf3 {[%emt 0:00:02]} Kf5 {[%emt 0:00:05]} 71. Kf2 {[%emt 0:00:09]} Kg4 {[%emt 0:00:05]} 72. Kg2 {[%emt 0:00:07]} f3+ {[%emt 0:00:05]} 73. Kf2 {[%emt 0:00:05]} Bd4+ {[%emt 0:00:05]} 74. Kf1 {[%emt 0:00:08]} Kg3 {[%emt 0:00:07]} 0-1

[Event "POL Youth-ch U20 Girls 2020"]
[Site "Pokrzywna"]
[Date "2020.11.30"]
[Round "2.4"]
[White "Sowa, Wiktoria"]
[Black "Smietanska, Wiktoria"]
[Result "1-0"]
[WhiteElo "2093"]
[BlackElo "2013"]
[Annotator "NA"]
[PlyCount "65"]
[EventDate "2020.11.29"]
[EventType "swiss"]
[EventCountry "POL"]
[SourceTitle "playchess.com"]
[Source "ChessBase"]
[SourceQuality "1"]
[TimeControl "40/5400+30:1800+30"]

1. e4 {[%emt 0:00:00]} c5 {[%emt 0:00:00]} 2. Nf3 {[%emt 0:00:00]} g6 {[%emt 0:00:00]} 3. d4 {[%emt 0:00:25]} cxd4 {[%emt 0:00:00]} 4. Nxd4 {[%emt 0:00:13]} Nc6 {[%emt 0:00:07]} 5. c4 {[%emt 0:01:13]} Nf6 {[%emt 0:00:11]} 6. Nc3 {[%emt 0:00:30]} d6 {[%emt 0:00:22]} 7. Nc2 {[%emt 0:00:57]} Bg7 {[%emt 0:03:38]} 8. Be2 {[%emt 0:01:13]} O-O {[%emt 0:01:30]} 9. O-O {[%emt 0:01:22]} a5 {[%emt 0:01:52]} 10. Be3 {[%emt 0:03:41]} a4 {[%emt 0:05:49]} 11. f3 {[%emt 0:03:04]} Qa5 {[%emt 0:03:43]} 12. Qd2 {[%emt 0:01:58]} Nd7 {[%emt 0:03:07]} 13. Na3 {[%emt 0:03:18]} Nc5 {[%emt 0:09:58]} 14. Rab1 {[%emt 0:06:11]} Ne6 {[%emt 0:05:00]} 15. Nab5 {[%emt 0:03:01]} Bd7 {[%emt 0:12:26] [#]} 16. c5 $16 {[%emt 0:12:01]} Rfd8 {[%emt 0:11:56]} 17. cxd6 {[%emt 0:01:19]} Be8 {[%emt 0:00:46]} 18. f4 {[%emt 0:05:49]} exd6 {[%emt 0:11:02]} 19. f5 {[%emt 0:04:18]} Nc5 {[%emt 0:06:22]} 20. Bg5 {[%emt 0:03:07]} f6 {[%emt 0:02:34]} 21. Bc4+ {[%emt 0:03:38]} Kh8 {[%emt 0:00:54]} 22. Bh6 {[%emt 0:01:50]} Ne5 {[%emt 0:01:39]} 23. Be2 {[%emt 0:04:31]} g5 {[%emt 0:01:47]} 24. Bxg7+ {[%emt 0:02:06]} Kxg7 {[%emt 0:00:10]} 25. Nd4 {[%emt 0:01:12]} Bf7 {[%emt 0:02:07]} 26. Qe3 {[%emt 0:02:16]} Rac8 {[%emt 0:03:03]} 27. Kh1 {[%emt 0:01:54]} Re8 {[%emt 0:01:41]} 28. Qf2 {[%emt 0:02:37]} Nc4 {[%emt 0:01:09]} 29. Ne6+ {[%emt 0:03:19]} Bxe6 {[%emt 0:02:46]} 30. fxe6 {[%emt 0:00:12]} Nxe6 {[%emt 0:01:25]} 31. Qxf6+ {[%emt 0:00:18]} Kg8 {[%emt 0:00:03]} 32. Bxc4 {[%emt 0:00:12]} Rxc4 {[%emt 0:00:26]} 33. Qf7+ {[%emt 0:00:05]} 1-0

[Event "POL Youth-ch U20 Girls 2020"]
[Site "Pokrzywna"]
[Date "2020.11.30"]
[Round "2.5"]
[White "Goraj, Barbara"]
[Black "Czernikowska, Laura"]
[Result "1-0"]
[WhiteElo "2078"]
[BlackElo "1508"]
[Annotator "ChessBase"]
[PlyCount "71"]
[EventDate "2020.11.29"]
[EventType "swiss"]
[EventCountry "POL"]
[SourceTitle "playchess.com"]
[Source "ChessBase"]
[SourceQuality "1"]
[TimeControl "40/5400+30:1800+30"]

1. e4 {[%emt 0:00:00]} c5 {[%emt 0:00:00]} 2. Nf3 {[%emt 0:00:00]} e6 {[%emt 0:00:00]} 3. d4 {[%emt 0:00:00]} cxd4 {[%emt 0:00:00]} 4. Nxd4 {[%emt 0:00:06]} Nc6 {[%emt 0:00:00]} 5. Nb5 {[%emt 0:00:33]} d6 {[%emt 0:01:17]} 6. c4 {[%emt 0:00:25]} h6 {[%emt 0:06:57]} 7. Be2 {[%emt 0:01:32]} Nf6 {[%emt 0:01:09]} 8. N1c3 {[%emt 0:00:31]} Be7 {[%emt 0:03:22]} 9. Be3 {[%emt 0:01:30]} O-O {[%emt 0:03:59]} 10. O-O {[%emt 0:00:49]} b6 {[%emt 0:03:47]} 11. f3 {[%emt 0:02:33]} Bb7 {[%emt 0:03:02]} 12. Qd2 {[%emt 0:03:45]} Qd7 {[%emt 0:01:04]} 13. Rfd1 {[%emt 0:01:26]} Rfd8 {[%emt 0:02:59]} 14. Rac1 {[%emt 0:01:34]} Qc8 {[%emt 0:05:55]} 15. Bf1 {[%emt 0:16:19]} Ne8 {[%emt 0:08:35]} 16. Nd5 {[%emt 0:02:46]} exd5 {[%emt 0:13:47]} 17. cxd5 {[%emt 0:01:20]} Qd7 {[%emt 0:01:31]} 18. dxc6 {[%emt 0:00:14]} Bxc6 {[%emt 0:00:52]} 19. Nd4 {[%emt 0:02:14]} Rdc8 {[%emt 0:10:33]} 20. Rxc6 {[%emt 0:02:08]} Rxc6 {[%emt 0:00:39]} 21. Bb5 {[%emt 0:00:21]} Rac8 {[%emt 0:02:01]} 22. Nxc6 {[%emt 0:00:18]} Qb7 {[%emt 0:04:42]} 23. Nxe7+ {[%emt 0:00:18]} Qxe7 {[%emt 0:00:13]} 24. Bxe8 {[%emt 0:02:05]} Qxe8 {[%emt 0:00:13]} 25. b3 {[%emt 0:01:10]} Qb5 {[%emt 0:02:37]} 26. h3 {[%emt 0:02:07]} Rd8 {[%emt 0:03:30]} 27. Kh1 {[%emt 0:00:42]} Qc6 {[%emt 0:05:26]} 28. Qd3 {[%emt 0:00:45]} Kf8 {[%emt 0:01:26]} 29. Rc1 {[%emt 0:00:21]} Qb7 {[%emt 0:00:26]} 30. Qd5 {[%emt 0:00:28]} Qe7 {[%emt 0:00:56]} 31. Rd1 {[%emt 0:01:42]} g5 {[%emt 0:00:59]} 32. Qf5 {[%emt 0:01:14]} Kg7 {[%emt 0:01:04]} 33. f4 {[%emt 0:02:32]} f6 {[%emt 0:00:43]} 34. Bd4 {[%emt 0:00:26]} Re8 {[%emt 0:01:29]} 35. fxg5 {[%emt 0:00:12]} hxg5 {[%emt 0:00:27]} 36. Qxg5+ {[%emt 0:00:10]} 1-0

[Event "POL Youth-ch U20 Girls 2020"]
[Site "Pokrzywna"]
[Date "2020.11.30"]
[Round "2.6"]
[White "Budkiewicz, Magdalena"]
[Black "Starosta, Martyna"]
[Result "1-0"]
[WhiteElo "1672"]
[BlackElo "2094"]
[Annotator "ChessBase"]
[PlyCount "75"]
[EventDate "2020.11.29"]
[EventType "swiss"]
[EventCountry "POL"]
[SourceTitle "playchess.com"]
[Source "ChessBase"]
[SourceQuality "1"]
[TimeControl "40/5400+30:1800+30"]

1. e4 {[%emt 0:00:00]} e5 {[%emt 0:00:00]} 2. Nf3 {[%emt 0:00:00]} Nc6 {[%emt 0:00:00]} 3. Bb5 {[%emt 0:00:00]} a6 {[%emt 0:00:00]} 4. Ba4 {[%emt 0:00:00]} Nf6 {[%emt 0:00:00]} 5. O-O {[%emt 0:00:18]} Be7 {[%emt 0:00:05]} 6. Re1 {[%emt 0:00:19]} b5 {[%emt 0:00:04]} 7. Bb3 {[%emt 0:00:08]} O-O {[%emt 0:00:06]} 8. a4 {[%emt 0:00:07]} Bb7 {[%emt 0:00:21]} 9. d3 {[%emt 0:00:29]} d6 {[%emt 0:00:23]} 10. Nc3 {[%emt 0:00:28]} b4 {[%emt 0:02:09]} 11. Nd5 {[%emt 0:00:38]} Nxd5 {[%emt 0:10:05]} 12. Bxd5 {[%emt 0:00:14]} Na5 {[%emt 0:01:29]} 13. Ba2 {[%emt 0:03:01]} c5 {[%emt 0:03:13]} 14. c3 {[%emt 0:02:30]} Nc6 {[%emt 0:04:39]} 15. d4 {[%emt 0:03:42]} Qc7 {[%emt 0:08:04]} 16. Be3 {[%emt 0:04:18]} cxd4 {[%emt 0:07:33]} 17. cxd4 {[%emt 0:00:44]} Bf6 {[%emt 0:02:07]} 18. Rc1 {[%emt 0:03:17]} Qe7 {[%emt 0:03:13]} 19. d5 {[%emt 0:03:53]} Na7 {[%emt 0:04:59]} 20. Bb6 {[%emt 0:02:52]} Rfc8 {[%emt 0:04:25]} 21. Qd2 {[%emt 0:04:24]} b3 {[%emt 0:11:57]} 22. Bxb3 {[%emt 0:00:32]} Qd7 {[%emt 0:01:38]} 23. Qe3 {[%emt 0:01:30]} Rxc1 {[%emt 0:09:11]} 24. Rxc1 {[%emt 0:00:14]} Nc8 {[%emt 0:01:34]} 25. Rc7 {[%emt 0:00:20]} Nxb6 {[%emt 0:00:28]} 26. Rxd7 {[%emt 0:03:05]} Nxd7 {[%emt 0:00:03]} 27. Nd2 {[%emt 0:02:05]} h6 {[%emt 0:01:10]} 28. Nc4 {[%emt 0:00:56]} Bg5 {[%emt 0:00:33]} 29. Qf3 {[%emt 0:01:32]} Be7 {[%emt 0:01:28]} 30. h3 {[%emt 0:03:05]} Bc8 {[%emt 0:01:54]} 31. Na5 {[%emt 0:02:32]} Nc5 {[%emt 0:00:33]} 32. Nc6 {[%emt 0:01:12]} Kf8 {[%emt 0:00:54]} 33. Bc2 {[%emt 0:01:00]} Bd7 {[%emt 0:01:24]} 34. b4 {[%emt 0:00:38]} Nb7 {[%emt 0:01:44]} 35. Qc3 {[%emt 0:06:50]} Rc8 {[%emt 0:01:22]} 36. Bd3 {[%emt 0:09:29]} a5 {[%emt 0:01:53]} 37. Ba6 {[%emt 0:01:20]} Rc7 {[%emt 0:00:40]} 38. b5 {[%emt 0:02:06]} 1-0